Trenčín, Masarykové námestie

Zobrazenie: Pohľad v bielom orámovaní na námestie vpravo so stojacim mužom v klobúku a obleku. vpravo od neho vysoká pouličná lampa a za plotom stoličky a stoly. Vľavo morový stĺp so sochou Sv. Trojice. Vpravo za obchodmi vidno Trenčiansky hrad. Ulicu námestia lemujú vysoké listnaté stromy. Jeden st...

Full description

Bibliographic Details
Format: Photo
Language:Slovak
PhysicalDescription:1 pohľadnica tónovaná do zelena 10 x 14 cm
Published: Prague X JKO Trade Mark [1937?]
Subjects:

MARC

LEADER 00000nkm a2200000 a 4500
001 vtls011772820
003 SK-MaSNL
005 20260301045540.0
007 kf ao
008 240131q1937 xr g kuslo
015 |a SNBG1937 
035 |a urn:nbn:sk:snk-km00dmx8 
035 |a urn:nbn:sk:snk-km3m0c4 
035 |a 00934774-93AF-4D29-AB50-5F92DC57BD83 
040 |a SNK  |b slo  |c SNK  |e AACR2 
041 0 |a slo 
043 |a e-xo--- 
044 |a xr  |c CZ 
072 7 |a 913  |x Regionálna geografia  |2 konspekt 
080 |a 913 437.641  |2 2011 
080 |a 711.61  |2 2011 
080 |a (084.121)  |2 2011 
080 |a 725.942  |2 2011 
080 |a 27-526.64  |2 2011 
080 |a 728.81  |2 2011 
245 0 0 |a Trenčín, Masarykové námestie  |h grafika 
260 |a Prague X  |b JKO Trade Mark  |c [1937?] 
300 |a 1 pohľadnica  |b tónovaná do zelena  |c 10 x 14 cm 
520 8 |a Zobrazenie: Pohľad v bielom orámovaní na námestie vpravo so stojacim mužom v klobúku a obleku. vpravo od neho vysoká pouličná lampa a za plotom stoličky a stoly. Vľavo morový stĺp so sochou Sv. Trojice. Vpravo za obchodmi vidno Trenčiansky hrad. Ulicu námestia lemujú vysoké listnaté stromy. Jeden strom vyčnieva aj vľavo hore do záberu pohľadnice 
610 2 7 |a Trenčiansky hrad (Trenčín, Slovensko)  |2 SNKKA  |9 33647 
650 0 7 |a námestia  |2 SNKPH  |9 26291 
650 0 7 |a morové stĺpy  |2 SNKPH  |9 99210 
650 0 7 |a sochy  |2 SNKPH  |9 29846 
650 0 7 |a hrady  |2 SNKPH  |9 3039 
651 7 |a Trenčín (Slovensko)  |2 SNKPHgeo  |9 159956 
655 7 |a miestne pohľadnice  |2 SNKPH  |9 70510 
752 |a Česko  |d Praha 
852 |a Slovenská národná knižnica 
958 |a GBN 
958 |a GC 
958 |a OND 
958 |a EUIPO 
999 |c 598708  |d 600638 
952 |a SNK  |b SNK  |y PREZ  |7 0  |p 17A1296805  |o snkSP 95888  |z Pohľadnica prešla poštou.  |0 0  |1 0  |4 0  |d 2018-08-16  |f 1  |l 0  |r 2026-02-23 15:46:57  |w 2026-02-23